000 00408nam a2200193Ia 4500
005 20250603144732.0
008 250603s9999 xx 000 0 und d
020 _a9781408066225
050 _aHF 5686 .L83/
100 _aLucey, Terry
245 0 _aCosting
250 _a7th ed.
260 _aLondon
260 _bDonnelley
260 _c2002
300 _a578 p
650 _aLondon
942 _cBK
999 _c39798
_d39798